| 000 | 00544nam a22001817a 4500 | ||
|---|---|---|---|
| 005 | 20180719170707.0 | ||
| 010 | _aENG-123567 | ||
| 020 |
_c75.00 _a9788179663639 |
||
| 035 | _aEN-107099 | ||
| 037 | _bDBAD/PUB | ||
| 082 | _a809.034 | ||
| 100 | _aSeethalaxmi, P. | ||
| 245 |
_aA guide to literary criticism / _cby P. Seethalaxmi |
||
| 260 |
_aChennai _bEmerald Publishers _c2013 |
||
| 270 |
_a15A, First Floor, Casa Major Road, Egmore, _bChennai _e600005 |
||
| 300 |
_a100p. _c21cm.(pbk) |
||
| 942 |
_2ddc _cEN _h809.034 _mSEE |
||
| 999 |
_c154463 _d154463 |
||